000 00683cam a2200253 i 4500
999 _c206
_d206
001 1993038
003 OSt
005 20180809153153.0
008 760112s1975 ilu b 000 0 eng
010 _a75022573 //r922
020 _a0884191141 :
_c$2.95
040 _aDLC
_cDLC
_dm.c.
_dSTU
050 0 0 _aBV4527
_b.B75 1975
082 0 0 _a248.8
_bB873D
090 _aBV4527
_b.B75
100 1 _aBrooks, Pat.
245 1 0 _aDaughters of the King /
_cby Pat Brooks.
260 _aCarol Stream, Ill. :
_bCreation House,
_cc1975.
300 _a144 p. ;
_c22 cm.
504 _aBibliography: p. 143-144.
650 0 _aChristian women
_xReligious life.
650 0 _aWomen.
942 _2ddc
_cBK